000 00839nam a2200253Ia 4500
003 OSt
005 20220930091025.0
006 a|||||r|||| 00| 0
007 ta
008 220926b |||||||| |||| 00| 0 eng d
024 _a3373
037 _cTheses
040 _aCRL
_cCRL
_beng
041 _2eng
_aeng
100 _aPunia Parul
_9544491
110 _aUniversity of Delhi. Faculty of Medical Science. Departmeny of Microbiology
_9544492
245 0 _aHepatitis B and C virus co infections in individiuals infected with human immunodeficiency virus
260 _c2012
650 _aMICROBIOLOGY
700 _a Chakravarti Anita Gu.
_9544493
700 _aUniversity of Delhi. Faculty of Medical Science. Departmeny of Microbiology
_9544494
942 _cDIS
_2CC
999 _c881518
_d881518